आरोग्य साधन / (Record no. 1069435)

MARC details
000 -LEADER
fixed length control field 01258nam a2200349 a 4500
001 - CONTROL NUMBER
control field vtls001617994
003 - CONTROL NUMBER IDENTIFIER
control field NLI
005 - DATE AND TIME OF LATEST TRANSACTION
control field 20210628133943.0
008 - FIXED-LENGTH DATA ELEMENTS--GENERAL INFORMATION
fixed length control field 121214s1942 ii c 000 0 hin
020 ## - INTERNATIONAL STANDARD BOOK NUMBER
Terms of availability Rs. 1.00
039 #9 - LEVEL OF BIBLIOGRAPHIC CONTROL AND CODING DETAIL [OBSOLETE]
-- 201212141927
-- VLOAD
040 ## - CATALOGING SOURCE
Original cataloging agency NLI
Language of cataloging hineng
Transcribing agency Datasoft_Hindi
Description conventions AACR2
041 0# - LANGUAGE CODE
Language code of text/sound track or separate title hin
044 ## - COUNTRY OF PUBLISHING/PRODUCING ENTITY CODE
MARC country code ii
084 04 - OTHER CLASSIFICATION NUMBER
Classification number 181
100 1# - MAIN ENTRY--PERSONAL NAME
Linkage 880-01
Personal name गांधी, मोहनदास करमचन्द
9 (RLIN) 678872
245 10 - TITLE STATEMENT
Linkage 880-02
Title आरोग्य साधन /
Statement of responsibility, etc. मोहनदास करमचन्द गांधी
250 ## - EDITION STATEMENT
Edition statement 2nd ed.
260 ## - PUBLICATION, DISTRIBUTION, ETC.
Place of publication, distribution, etc. कलकत्ता :
Name of publisher, distributor, etc. हिन्दी पुस्तक एजेन्सी,
Date of publication, distribution, etc. 1942
300 ## - PHYSICAL DESCRIPTION
Extent 126 p. :
Other physical details port. ;
Dimensions 14 cm.
650 #0 - SUBJECT ADDED ENTRY--TOPICAL TERM
Topical term or geographic name entry element Medicine
General subdivision History
650 #0 - SUBJECT ADDED ENTRY--TOPICAL TERM
Topical term or geographic name entry element Hygiene
650 #0 - SUBJECT ADDED ENTRY--TOPICAL TERM
Topical term or geographic name entry element Public health
880 1# - ALTERNATE GRAPHIC REPRESENTATION
Linkage 100-01(B
a Gāṁdhī, Mohanadāsa Karamacanda
880 10 - ALTERNATE GRAPHIC REPRESENTATION
Linkage 245-02(B
a Ārogya sādhana /
c Mohanadāsa Karamacanda Gāṁdhī
887 ## - NON-MARC INFORMATION FIELD
Content of non-MARC field Zeenat 12.03.2012 (Sandeep Singh 05.04.2012)
901 ## - LOCAL DATA ELEMENT A, LDA (RLIN)
a IMP866
b 12.03.2012
902 ## - LOCAL DATA ELEMENT B, LDB (RLIN)
a 181 Gc 92.4
904 ## - LOCAL DATA ELEMENT D, LDD (RLIN)
c Zeenat 12.03.2012 (Sandeep Singh 05.04.2012)
l O 2721
949 ## - LOCAL PROCESSING INFORMATION (OCLC)
-- VIRTUAITEM
-- 10000
-- 100
6 IMP000000866HIN
942 ## - ADDED ENTRY ELEMENTS (KOHA)
Source of classification or shelving scheme Dewey Decimal Classification
Koha item type Books
Holdings
Withdrawn status Lost status Damaged status Not for loan Home library Current library Date acquired Total Checkouts Full call number Barcode Date last seen Price effective from Koha item type
        National Library of India National Library of India     181 Gc 92.4 IMP000000866HIN 28/06/2021 28/06/2021 Books
                                                                           
web counter

Copyright ©2020 The National Library of India, Govt. of India ↔ Hosted by NVLI, MOC ↔ Technology and Design by National Library of India, Ministry of Culture, Govt. of India